Tile Select – Accents, Diacritics, and the Like - Statistics

General Stats
  • This quiz has been taken 367 times
  • The average score is 30 of 45
Answer Stats
Question Tile Select % Correct
languages that use the letter ñ French No
94%
languages that use the letter ñ Spanish Yes
93%
languages that use the letter ê (e with circumflex) Finnish No
91%
languages that use the letter ý (y with acute) German No
91%
languages that use the letter ñ Italian No
91%
languages that use the letter ê (e with circumflex) Swedish No
91%
languages that use the letter ñ Turkish No
91%
languages that use the letter ñ Hungarian No
90%
languages that use the letter ý (y with acute) Italian No
90%
languages that use the letter ç (c-cedilla) Irish No
89%
languages that use the letter ê (e with circumflex) Polish No
89%
languages that use the letter ê (e with circumflex) French Yes
88%
languages that use the letter ç (c-cedilla) Indonesian No
88%
languages that use the letter ê (e with circumflex) Italian No
88%
languages that use the letter ý (y with acute) French No
85%
languages that use the letter ö German Yes
80%
languages that use the letter ç (c-cedilla) Hungarian No
79%
languages that use the letter ç (c-cedilla) Polish No
78%
languages that use the letter ý (y with acute) Portuguese No
78%
languages that use the letter ö Swedish Yes
78%
languages that use the letter ç (c-cedilla) French Yes
73%
languages that use the letter ý (y with acute) Czech Yes
71%
languages that use the letter ê (e with circumflex) Vietnamese Yes
71%
languages that use the letter ñ Galician Yes
70%
languages that use the letter ê (e with circumflex) Portuguese Yes
66%
languages that use the letter ç (c-cedilla) Turkish Yes
64%
languages that use the letter ö Finnish Yes
59%
languages that use the letter ç (c-cedilla) Portuguese Yes
59%
languages that use the letter ç (c-cedilla) Catalan Yes
57%
languages that use the letter ý (y with acute) Icelandic Yes
53%
languages that use the letter ñ Portuguese No
53%
languages that use the letter ö Danish No
50%
languages that use the letter ý (y with acute) Polish No
49%
languages that use the letter ñ Basque Yes
48%
languages that use the letter ñ Guaraní Yes
48%
languages that use the letter ö Icelandic Yes
48%
languages that use the letter ö Turkish Yes
48%
languages that use the letter ö Norwegian No
47%
languages that use the letter ö Hungarian Yes
42%
languages that use the letter ý (y with acute) Turkmen Yes
38%
languages that use the letter ý (y with acute) Vietnamese Yes
36%
languages that use the letter ç (c-cedilla) Albanian Yes
34%
languages that use the letter ê (e with circumflex) Welsh Yes
26%
languages that use the letter ö Azeri Yes
18%
languages that use the letter ê (e with circumflex) Afrikaans Yes
14%
No matching quizzes found
Score Distribution
Percent of People with Each Score
Percentile by Number Answered
Your Score History
You have not taken this quiz